[Event "GER-ch65 V07 email"]
[Site "GER email"]
[Date "2011.08.04"]
[Round "?"]
[White "Wuttke, Johannes"]
[Black "Kuhn, Hanno"]
[Result "1-0"]
[WhiteElo "2018"]
[BlackElo "1938"]
[PlyCount "61"]
[EventDate "2011.08.08"]
[EventType "tourn (corr)"]
[EventRounds "6"]
[EventCountry "GER"]
[SourceTitle "Corr 2015"]
[Source "ChessBase"]
[SourceDate "2015.07.17"]
[SourceVersion "1"]
[SourceVersionDate "2015.07.17"]
[SourceQuality "1"]
[WhiteTeam "Germany"]
[BlackTeam "Germany"]
[WhiteTeamCountry "GER"]
[BlackTeamCountry "GER"]

1. Nf3 b6 2. g3 Bb7 3. Bg2 e6 4. d4 Nf6 5. c4 Be7 6. 0-0 0-0 7. Nc3 Ne4 8. Qc2 Nxc3 9. Qxc3 f5 10. Rd1 Bf6 11. h4 Be4 12. Bf4 Nc6 13. Ne5 Bxg2 14. Kxg2 Bxe5 15. dxe5 Qe7 16. Rd2 h6 17. h5 a5 18. Rad1 Rad8 19. Qb3 Qf7 20. Qb5 Rfe8 21. Be3 Kh7 22. b3 Rg8 23. f3 Rge8 24. Bf2 Rg8 25. c5 bxc5 26. Qxc5 g5 27. hxg6+ Rxg6 28. Qc4 Qg7 29. a3 Qe7 30. Be3 Rg7 31. Rh1 1-0

[Event "GER-ch63 V05 email"]
[Site "GER email"]
[Date "2011.02.15"]
[Round "?"]
[White "Zill, Eberhard"]
[Black "Kuhn, Hanno"]
[Result "1-0"]
[WhiteElo "2164"]
[BlackElo "1968"]
[PlyCount "125"]
[EventDate "2011.02.21"]
[EventType "tourn (corr)"]
[EventRounds "6"]
[EventCountry "GER"]
[SourceTitle "Corr 2015"]
[Source "ChessBase"]
[SourceDate "2015.07.17"]
[SourceVersion "1"]
[SourceVersionDate "2015.07.17"]
[SourceQuality "1"]
[WhiteTeam "Germany"]
[BlackTeam "Germany"]
[WhiteTeamCountry "GER"]
[BlackTeamCountry "GER"]

1. d4 e6 2. c4 Nf6 3. Nf3 b6 4. g3 c6 5. Bg2 d5 6. 0-0 Be7 7. Nc3 Bb7 8. Nd2 0-0 9. e4 Na6 10. e5 Nd7 11. a3 Nc7 12. Re1 a5 13. cxd5 cxd5 14. Ne2 Nb8 15. Nf3 Nc6 16. Bd2 Qd7 17. Nf4 Rfc8 18. Rc1 b5 19. Bf1 b4 20. a4 Ba6 21. Nd3 Nd8 22. Bg5 Bf8 23. b3 h6 24. Be3 Nb7 25. Re2 Ne8 26. Rec2 Rxc2 27. Qxc2 Nd8 28. Nc5 Bxc5 29. Qxc5 Bxf1 30. Kxf1 Nb7 31. Qc2 Nd8 32. g4 Ra7 33. Qc8 Rc7 34. Qxd7 Rxd7 35. Rc5 Nb7 36. Rb5 Kf8 37. Ke2 Ke7 38. Ne1 Kd8 39. Nd3 Kc7 40. Bd2 Rd8 41. Nc5 Nxc5 42. dxc5 Ra8 43. Rb6 Kc8 44. Be3 Nc7 45. c6 Ra6 46. h4 Ra7 47. Bc5 Na6 48. Bd6 Nc7 49. h5 Na6 50. f4 Nc7 51. Ke3 Na6 52. f5 exf5 53. gxf5 Nc7 54. e6 fxe6 55. fxe6 d4+ 56. Kd3 Ra6 57. Rxa6 Nxa6 58. e7 Nc7 59. Bxc7 Kxc7 60. e8Q Kb6 61. Kc4 d3 62. Qd7 d2 63. Qb7# 1-0

[Event "GER-chT8 KH-36 Br3 email"]
[Site "GER email"]
[Date "2009.10.09"]
[Round "?"]
[White "Kuhn, Hanno"]
[Black "Ziechaus, Lothar"]
[Result "1-0"]
[WhiteElo "2056"]
[BlackElo "1608"]
[PlyCount "177"]
[EventDate "2009.10.15"]
[EventType "tourn (corr)"]
[EventRounds "4"]
[EventCountry "GER"]
[SourceTitle "Corr 2020"]
[Source "ChessBase"]
[SourceDate "2019.09.30"]
[SourceVersion "1"]
[SourceVersionDate "2019.09.30"]
[SourceQuality "1"]

1. Nf3 Nc6 2. d4 d5 3. Bf4 Bf5 4. e3 e6 5. Bd3 Bxd3 6. Qxd3 Nf6 7. c3 Bd6 8. Nbd2 Qd7 9. Bxd6 Qxd6 10. 0-0 0-0 11. c4 Rfe8 12. Rac1 Rab8 13. a3 Rbc8 14. b4 a6 15. Rfd1 Rb8 16. Qc2 Rec8 17. Nb3 dxc4 18. Qxc4 Ne4 19. d5 exd5 20. Rxd5 Qg6 21. Nbd4 Nxd4 22. Qxd4 c6 23. Re5 Nd6 24. Rg5 Qh6 25. a4 Rd8 26. h3 f5 27. Qf4 Qf6 28. Nh4 g6 29. Nxf5 Nxf5 30. e4 Qd4 31. Qxf5 Qxb4 32. Qe6+ Kh8 33. a5 Qd4 34. Rc4 Qb2 35. Qe5+ Qxe5 36. Rxe5 Rd7 37. Rb4 Kg7 38. Rc5 Re8 39. f3 Rf8 40. Kf2 Kf6 41. Ke3 Re8 42. f4 Red8 43. Rc3 g5 44. fxg5+ Kxg5 45. Rcb3 Rd1 46. Rxb7 Re1+ 47. Kf2 Rxe4 48. Rxh7 Rf4+ 49. Rf3 Rd2+ 50. Kg3 Ra4 51. h4+ Kg6 52. Rhf7 Rd6 53. R7f5 Rd5 54. Rf6+ Kg7 55. Rf7+ Kg8 56. Rf8+ Kg7 57. R3f7+ Kg6 58. Rf6+ Kg7 59. R8f7+ Kg8 60. Ra7 Rd3+ 61. Rf3 Rxf3+ 62. Kxf3 Rxh4 63. g4 Rh3+ 64. Ke4 Ra3 65. Rxa6 Kf7 66. Kf5 c5 67. Ra7+ Kf8 68. Kf6 Rf3+ 69. Ke5 c4 70. a6 Ra3 71. Kd4 c3 72. Kd3 Ke8 73. g5 Kf8 74. Kc2 Kg8 75. g6 Ra4 76. Kxc3 Ra1 77. Kb4 Ra2 78. Ra8+ Kg7 79. Kb5 Rb2+ 80. Kc6 Rc2+ 81. Kb7 Rb2+ 82. Ka7 Kxg6 83. Rb8 Rf2 84. Ka8 Rd2 85. a7 Kf5 86. Kb7 Ra2 87. a8Q Rxa8 88. Rxa8 Ke4 89. Kc6 1-0

[Event "GER-chT LG-1 email"]
[Site "GER email"]
[Date "2007.10.25"]
[Round "?"]
[White "Kuhn, Hanno"]
[Black "Windhausen, Georg"]
[Result "0-1"]
[WhiteElo "2292"]
[BlackElo "2478"]
[PlyCount "118"]
[EventDate "2007.??.??"]
[EventType "tourn (corr)"]
[EventRounds "8"]
[EventCountry "GER"]
[SourceTitle "Corr 2011"]
[Source "ChessBase"]
[SourceDate "2010.08.31"]
[SourceVersion "1"]
[SourceVersionDate "2010.08.31"]
[SourceQuality "1"]

1. d4 f5 2. Bf4 Nf6 3. e3 g6 4. h4 h6 5. Nf3 d6 6. Bc4 e6 7. Nc3 Bg7 8. Qe2 0-0 9. 0-0-0 Qe8 10. Bb3 Nc6 11. a3 Ne7 12. Kb1 Qf7 13. Nd2 Ned5 14. Nxd5 exd5 15. f3 Be6 16. Rhg1 Qd7 17. c3 a5 18. Bc2 b5 19. g4 fxg4 20. Bxg6 b4 21. Rc1 bxa3 22. bxa3 Rab8+ 23. Ka2 gxf3 24. Qxf3 Kh8 25. Qg2 c5 26. Bc2 cxd4 27. Ba4 Qa7 28. cxd4 Ne4 29. Nb3 Bf5 30. Qe2 Bd7 31. Bxd7 Qxd7 32. Qd3 Nf2 33. Qg6 Rf6 34. Qc2 Nh3 35. Rgf1 Nxf4 36. exf4 a4 37. Na5 Rff8 38. Qd3 Rbc8 39. h5 Rxc1 40. Rxc1 Rxf4 41. Nc6 Qe8 42. Rc2 Qe4 43. Qd2 Rh4 44. Rb2 Rxh5 45. Qd1 Rh1 46. Qxa4 Rc1 47. Qa7 Qd3 48. Na5 Rc2 49. Nb3 Qc3 50. Qb8+ Kh7 51. Rxc2 Qxc2+ 52. Ka1 h5 53. Qb7 Qf5 54. Qe7 Qg4 55. Qxd6 h4 56. Qxd5 h3 57. Qh1 Qg2 58. Qb1+ Kg8 59. Qe1 Kf7 0-1

[Event "GER-chT LG-1 email"]
[Site "GER email"]
[Date "2007.10.25"]
[Round "?"]
[White "Lukas, Martin"]
[Black "Kuhn, Hanno"]
[Result "1/2-1/2"]
[WhiteElo "2000"]
[BlackElo "2292"]
[PlyCount "86"]
[EventDate "2007.??.??"]
[EventType "tourn (corr)"]
[EventRounds "8"]
[EventCountry "GER"]
[SourceTitle "Corr 2011"]
[Source "ChessBase"]
[SourceDate "2010.08.31"]
[SourceVersion "1"]
[SourceVersionDate "2010.08.31"]
[SourceQuality "1"]

1. e4 e5 2. Nf3 Nc6 3. Bb5 a6 4. Bxc6 dxc6 5. 0-0 Bg4 6. h3 h5 7. d3 Qf6 8. Nbd2 Ne7 9. Re1 Ng6 10. d4 Nf4 11. dxe5 Qg6 12. Nh4 Bxd1 13. Nxg6 Nxg6 14. Rxd1 0-0-0 15. Re1 Nxe5 16. f4 Bc5+ 17. Kf1 Bb4 18. Re2 Ng6 19. Nb3 Rhe8 20. a3 Rd1+ 21. Kf2 Bf8 22. Bd2 Rxa1 23. Nxa1 f6 24. g3 c5 25. c4 h4 26. Nc2 Bd6 27. b3 Rh8 28. Re1 hxg3+ 29. Kxg3 Rh5 30. Rf1 Rg5+ 31. Kh2 Rh5 32. Kg2 Nf8 33. Ne3 Ne6 34. Nf5 Kd7 35. Be3 g6 36. Nxd6 cxd6 37. Rd1 Ke7 38. Kg3 f5 39. exf5 Rxf5 40. a4 Kd7 41. Kg4 Kc6 42. a5 Nc7 43. Re1 Ne6 1/2-1/2